Experimental immunochemistry
Wedi'i Gadw mewn:
| Prif Awdur: | |
|---|---|
| Fformat: | Llyfr |
| Iaith: | Saesneg |
| Cyhoeddwyd: |
Springfield
Charles C. Thomas
1948
|
| Pynciau: | |
| Tagiau: |
Ychwanegu Tag
Dim Tagiau, Byddwch y cyntaf i dagio'r cofnod hwn!
|
MARC
| LEADER | 00000nam a2200000 a 4500 | ||
|---|---|---|---|
| 001 | UCY1155 | ||
| 003 | CL-VaPUC | ||
| 008 | 940822e19480000US |||||||||||||||||eng|d | ||
| 082 | 0 | 4 | |a 616.079 |b KAB |2 21 |
| 100 | |a Kabat, Elvin Abraham |e author |9 374515 | ||
| 245 | 1 | 0 | |a Experimental immunochemistry |
| 300 | |a 567 p | ||
| 942 | |c BK | ||
| 945 | |d 19940822 00:00:00 |a mfernand | ||
| 260 | |a Springfield |b Charles C. Thomas |c 1948 | ||
| 650 | 7 | |a INMUNOQUIMICA |2 CL-VaPUC |9 329047 | |
| 583 | |a last modification |c 20120821 07:30:01 |k Rodrigo Vera | ||
| 999 | |c 229943 |d 229941 | ||
| 952 | |0 0 |1 0 |4 0 |6 616_079000000000000_KAB_1948 |7 0 |8 A |9 231689 |a BIBALI |b BIBALI |c GEN |d 2019-11-15 |i 3012018 |o 616.079 KAB 1948 |p 3012018 |r 2025-01-20 |w 2019-11-15 |y BK |k ALI | ||